Sione's talo / (Record no. 341371)
[ view plain ]
| 000 -LEADER | |
|---|---|
| fixed length control field | 00475nam a2200193Ia 4500 |
| 008 - FIXED-LENGTH DATA ELEMENTS--GENERAL INFORMATION | |
| fixed length control field | 170918s9999 xx 000 0 und d |
| 020 ## - INTERNATIONAL STANDARD BOOK NUMBER | |
| International Standard Book Number | 9780590482592 |
| 050 ## - LIBRARY OF CONGRESS CALL NUMBER | |
| Item number | N419 1992 |
| 100 ## - MAIN ENTRY--PERSONAL NAME | |
| Personal name | Nelisi, Lino |
| 245 ## - TITLE STATEMENT | |
| Title | Sione's talo / |
| 245 ## - TITLE STATEMENT | |
| Statement of responsibility, etc | Lino Nelisi ; illustrated by Elspeth Williamson. |
| 260 ## - PUBLICATION, DISTRIBUTION, ETC. (IMPRINT) | |
| Place of publication, distribution, etc | New York : |
| 260 ## - PUBLICATION, DISTRIBUTION, ETC. (IMPRINT) | |
| Name of publisher, distributor, etc | Scholastic, |
| 260 ## - PUBLICATION, DISTRIBUTION, ETC. (IMPRINT) | |
| Date of publication, distribution, etc | 1992 |
| 300 ## - PHYSICAL DESCRIPTION | |
| Extent | 16 pages : |
| 300 ## - PHYSICAL DESCRIPTION | |
| Other physical details | colored illustration ; |
| 300 ## - PHYSICAL DESCRIPTION | |
| Dimensions | 23cm. |
| 500 ## - GENERAL NOTE | |
| General note | 470 |
| Withdrawn status | Lost status | Damaged status | Home library | Current library | Date acquired | Total Checkouts | Full call number | Barcode | Date last seen | Price effective from | Koha item type |
|---|---|---|---|---|---|---|---|---|---|---|---|
| Stonyhurst Southville International School (Malarayat) | Stonyhurst Southville International School (Malarayat) | 09/18/2017 | LEX N419 1992 | SSISM0443 | 09/18/2017 | 09/18/2017 | Lexile |